000 00507nam a2200157Ia 4500
003 GCL
008 140319s9999 xx 000 0 eng d
040 _aGCL /
_cGCL
082 0 4 _a231.765
_bB A
100 1 _aBARRON, ROBERT E
245 1 0 _aA STUDY OF THE POTENTIA OF THOMAS AQUINAS IN LIGHT OF THE DOGINATIK OF PAUL TILLICH /
_cBARRON, ROBERT E
260 _a[S.N] :
_bMELLEN RESEARCH UNIV. PRESS ،
_c1993
650 0 4 _aTHOMAS, AQUINAS SAINT
650 0 4 _aQUESTIONES DISPUTATAE DE POTE
942 _2ddc
_cBK
999 _c14043
_d14043